| 000 | 00782na a2200253 4500 | ||
|---|---|---|---|
| 001 | 18938 | ||
| 003 | MIRAKIL | ||
| 005 | 20181213155051.0 | ||
| 008 | 161205b tu 000 0 | ||
| 035 | _a18938 | ||
| 040 |
_aMilas _btur _cTR-AnCHP |
||
| 041 | _atur | ||
| 082 |
_a338.9 _bD35b 1998 |
||
| 090 | _a338.9 D35b 1998 | ||
| 100 | _aDemirel, Süleyman | ||
| 245 |
_a1999'a girerken Türkiye _b1998 Yılının gelişmeleri ve 1999 yılı hedefleri _cSüleyman Demirel |
||
| 246 | _a1998 Yılının gelişmeleri ve 1999 yılı hedefleri | ||
| 260 |
_aAnkara _bBaşbakanlık Basımevi _c1998 |
||
| 300 |
_a245 s. _bfotoğ.; _c24 sm. |
||
| 650 |
_aHedefler, 1999 _zTürkiye |
||
| 650 |
_aEkonomi politikaları _zTürkiye |
||
| 650 | _aGelişmeler, 1998 | ||
| 942 |
_2dcc _cBKS |
||
| 999 |
_c5925 _d5925 |
||